Podgrodzie (Olsztyn) - Ulice - Statystyki

Ogólne statystyki
  • Ten quiz został rozwiązany 8 razy
  • Średni wynik to 10 z 23
Statystyki odpowiedzi
Litera Ulica % Poprawnych
B Borkowskiego
100%
W Warszawska
100%
B Barczewskiego
80%
I Iwaszkiewicza
80%
N Niepodległosci
80%
O Osińskiego
80%
Ś Śliwy
80%
G Gałczyńskiego
60%
O Obrońców Tobruku
60%
P Profesorska
60%
M Mochnackiego
40%
S Szrajbera
40%
T Tuwima
40%
K Knosały
20%
K Korczaka
20%
L Lengowskiego
20%
O Orkana
20%
P Polna
20%
G Górna
0%
Ł Łukasińskiego
0%
M Mariańska
0%
M Martuszewskiego
0%
R Rymkiewicza
0%
Nie znaleziono quizów pasujących do podanych kryteriów
Rozkład punktacji
Procent ludzi z każdym wynikiem
Percentyl według liczby udzielonych odpowiedzi
Twoja historia wyników
Nie rozwiązałeś tego quizu